| 000 | 02210cam a2200385 a 4500 | ||
|---|---|---|---|
| 001 | 14775262 | ||
| 003 | OSt | ||
| 005 | 20260316154941.0 | ||
| 008 | 070320s2007 ilu b 001 0 eng | ||
| 010 | _a 2007011613 | ||
| 020 |
_a9780830827961 _qpbk. : alk. paper |
||
| 020 |
_a083082796X _qpbk. : alk. paper |
||
| 035 | _a14775262 | ||
| 035 | _a(OCoLC)105438852 | ||
| 040 |
_aDLC _cDLC _dBAKER _dC#P _dBTCTA _dYDXCP _dDLC |
||
| 043 | _an-us--- | ||
| 050 | 0 | 0 |
_aBR516 _b.C497 2007 |
| 082 | 0 | 0 |
_a261.70973 _222 |
| 245 | 0 | 0 |
_aChurch, state, and public justice : _bfive views / _cedited by P.C. Kemeny. |
| 260 |
_aDowners Grove, Ill. : _bIVP Academic, _cc2007. |
||
| 300 |
_a254 p. ; _c23 cm. |
||
| 336 |
_atext _btxt _2rdacontent |
||
| 337 |
_aunmediated _bn _2rdamedia |
||
| 338 |
_avolume _bnc _2rdacarrier |
||
| 504 | _aIncludes bibliographical references and index. | ||
| 505 | 0 | _aLife on the border : a Catholic perspective / Clarke E. Cochran -- Classical separation response -- Principled pluralist response -- Anabaptist response -- Social justice response -- The classical separation perspective / Derek H. Davis -- Catholic response -- Principled pluralist response -- Anabaptist response -- Social justice response -- The principled pluralist perspective / Corwin Smidt -- Catholic response -- Classical separation response -- Anabaptist response -- Social justice response -- The anabaptist perspective / Ronald J. Sider -- Catholic response -- Classical separation response -- Principled pluralist response -- Social justice response -- The social justice perspective / J. Philip Wogaman -- Catholic response -- Classical separation response -- Principled pluralist response -- Anabaptist response. | |
| 650 | 0 |
_aChurch and state _zUnited States. |
|
| 650 | 0 |
_aChristianity and justice _zUnited States. |
|
| 700 | 1 | _aKemeny, Paul Charles. | |
| 856 | 4 | 1 |
_3Table of contents only _uhttp://www.loc.gov/catdir/toc/ecip0714/2007011613.html |
| 906 |
_a7 _bcbc _corignew _d1 _eecip _f20 _gy-gencatlg |
||
| 942 |
_2lcc _cBK |
||
| 999 |
_c21483 _d21482 |
||